| 000 | 00505nam a22001817a 4500 | ||
|---|---|---|---|
| 999 |
_c525703 _d525703 |
||
| 003 | NUST | ||
| 005 | 20190704051928.0 | ||
| 038 | _aFaiza | ||
| 082 |
_a796.092 _bALI |
||
| 100 |
_aAli , Gazahi Ameer _916645 |
||
| 245 |
_aRustam Zaman Gaama / _cGazahi Ameer Ali |
||
| 260 |
_aLahore: _bMasood Khadar Posh trust publications, _c1990. |
||
| 300 | _a168p. ; | ||
| 500 | _aHard Cover | ||
| 880 |
_6100-01\r _aغازی امیر علی |
||
| 880 |
_6245-02\r _a /رستم زمان گاما |
||
| 942 |
_2ddc _cBK |
||